| 000 | 02016nam a2200373 i 4500 | ||
|---|---|---|---|
| 003 | CO-BoRNBP | ||
| 005 | 20250307161426.0 | ||
| 007 | ta | ||
| 008 | 231122s2023 ck |||er|||| 000 pbspa d | ||
| 020 | _a9789586657952 | ||
| 040 |
_aCO-BoRNBP _bspa _erda _cCO-BoRNBP |
||
| 041 | 1 |
_aspa _heng |
|
| 043 | _an-us--- | ||
| 084 | _aP TRE12 | ||
| 100 | 1 |
_aTrethewey, Natasha, _d1966- , _eautora _959312 |
|
| 245 | 1 | 0 |
_aThrall (Cautiverio) _cNatasha Trethewey ; traducción y prólogo de Nieves García Prados |
| 250 | _aEdición especial para el Ministerio de las Culturas | ||
| 264 | 1 |
_aBogotá, Colombia _bSiglo del Hombre Editores _c2023 |
|
| 300 |
_a149 páginas _c21 cm |
||
| 336 |
_atexto _btxt _2rdacontenido |
||
| 337 |
_asin mediación _bn _2rdamedio |
||
| 338 |
_avolumen _bnc _2rdasoporte |
||
| 500 | _aLibro en inglés y español. | ||
| 504 | _aIncluye bibliografía e índice | ||
| 520 | 3 | _aLa historia de América ha estado llena de mestizaje, de cruce de fronteras, de integración de diversas culturas. Ninguna poeta representa esa historia como Natasha Trethewey. Thrall es un libro construido de manera magistral ligando la experiencia personal con los libros de castas del siglo XVIII para ofrecer una visión global de las jerarquías, de las diferen- cias y de las desigualdades sociales. Ganadora del Premio Pulitzer, Natasha Trethewey es una de las voces más influyentes de la poesía en lengua inglesa en la actualidad. En 2012, fue elegida Poeta Laureada del Congreso de Estados Unidos, reconocimiento que renovó al año siguiente. (Tomado a partes del texto). | |
| 521 | _aRecomendado para un público adulto | ||
| 534 | _tThrall | ||
| 650 | 1 | 7 |
_aPoesía estadounidense _ySiglo XX _2ARMARC _959313 |
| 650 | 1 | 7 |
_aLiteratura estadounidense _ySiglo XX _2ARMARC _91048 |
| 650 | 1 | 7 |
_aDesigualdad social en la literatura _2ARMARC _959314 |
| 650 | 1 | 7 |
_aColonización en la literatura _2ARMARC _959315 |
| 700 | 1 |
_aGarcía Prados, Nieves, _etraductora _959316 |
|
| 942 |
_2loc _cBKLIT |
||
| 999 |
_c57052 _d57052 |
||